中国航空公司IATA代码 IATA Code of Airlines in China - Statistics

General Stats
  • This quiz has been taken 52 times
  • The average score is 25 of 56
Answer Stats
航空公司名称 IATA代码 % Correct
中国国际航空 CA
100%
大连航空 CA
100%
中国南方航空 CZ
92%
中国东方航空 MU
92%
一二三航空 MU
92%
海南航空 HU
90%
吉祥航空 HO
84%
四川航空 3U
78%
厦门航空 MF
78%
上海航空 FM
76%
山东航空 SC
76%
春秋航空 9C
71%
中华航空 CI
71%
深圳航空 ZH
69%
国泰航空 CX
67%
香港航空 HX
53%
成都航空 EU
49%
首都航空 JD
49%
中国联合航空 KN
47%
西藏航空 TV
45%
长荣航空 BR
41%
大新华航空 CN
41%
澳门航空 NX
39%
奥凯航空 BK
37%
长龙航空 GJ
37%
天津航空 GS
37%
青岛航空 QW
37%
九元航空 AQ
35%
福州航空 FU
35%
北部湾航空 GX
35%
西部航空 PN
35%
祥鹏航空 8L
33%
华夏航空 G5
33%
星宇航空 JX
33%
昆明航空 KY
33%
江西航空 RY
33%
乌鲁木齐航空 UQ
33%
桂林航空 GT
31%
大湾区航空 HB
31%
重庆航空 OQ
31%
香港快运航空 UO
31%
东海航空 DZ
27%
苏南瑞丽航空 DR
22%
河北航空 NS
22%
多彩贵州航空 GY
20%
幸福航空 JR
20%
龙江航空 LT
20%
长安航空 9H
18%
湖南航空 A6
18%
德安航空 DA
18%
华信航空 AE
14%
立荣航空 B7
14%
天骄航空 9D
12%
大鹏航空 EF
12%
台湾虎航 IT
10%
金鹏航空 Y8
10%
No matching quizzes found
Score Distribution
Percent of People with Each Score
Percentile by Number Answered
Your Score History
You have not taken this quiz